000
00250nam a22001217a 4500
008
170315b xxu||||| |||| 00| 0 eng d
041
_a
eng
080
_2
8ED
_a
611
100
_a
7
101
_a
SHM
245
_a
PHYSIOLOGY
_c
VANDER.A
942
_2
udc
_c
BK
999
_c
7897
_d
7897